000 00566nam a2200205 i 4500
001 45259
003 ES-MaACL
005 20230906161205.0
007 t|
008 030325s1973 sp |||| | cat d
100 1 _aCoca, Jordi (
_d1947-)
_9151277
245 1 0 _aAlta comedia
_b: novel-la /
_cJordi Coca.
250 _a1ยช ed.
260 _a[Barcelona] :
_bPortic :
_bDiamant,
_c1973.
300 _a171 p. ;
_c18 cm.
490 1 _aLlibre de butxaca ;
_v68
830 0 _aLlibre de butxaca ;
_v68
_9183702
852 _aES-MaACL
_jC-53088
999 _c45259
_d45259